000 00633nam a22002537a 4500
999 _c313240
_d313240
001 26904
003 UA-OsUOA
005 20200322164713.0
007 ta
008 20040610b un ||||| |||| 00| 0 ukr d
020 _a9666080184
040 _aUA-OsUOA
_brus
_cUA-OsUOA
_dUA-OsUOA
041 _arus
044 _aUA
080 _a658
090 _a658
_bГ85
100 _aГринёв В. Ф.
245 _aИнновационный менеджмент
_bучебное пособие
260 _aКиев
_bМАУП
_c2000
300 _a148 с.
_bІлюстрації
650 7 _2UDC
942 _cBK
_2udc
955 _a0